[Event "BUL-ch sf 80th"]
[Site "Plovdiv"]
[Date "2016.02.09"]
[Round "2"]
[White "Evrov, Aleksandar"]
[Black "Stankov, Apostol"]
[Result "0-1"]
[WhiteElo "1315"]
[BlackElo "1791"]
[PlyCount "50"]
[EventDate "2016.02.08"]
[EventType "swiss"]
[EventRounds "9"]
[EventCountry "BUL"]
[SourceTitle "CBM 170 Extra"]
[Source "ChessBase"]
[SourceDate "2016.02.25"]
[SourceVersion "1"]
[SourceVersionDate "2016.02.25"]
[SourceQuality "1"]

1. e4 d6 2. d4 g6 3. Nf3 Nf6 4. Nc3 Bg7 5. Bd3 0-0 6. 0-0 Nc6 7. Be3 Ng4 8. h3 Nxe3 9. fxe3 e5 10. d5 Ne7 11. Qe1 f5 12. exf5 gxf5 13. Qh4 e4 14. Ng5 h6 15. Ngxe4 fxe4 16. Bxe4 Bf5 17. Bxf5 Nxf5 18. Qe4 Qg5 19. Qe6+ Kh8 20. Ne4 Qxe3+ 21. Kh1 Rae8 22. Rae1 Ng3+ 23. Nxg3 Rxe6 24. Rxe3 Rxe3 25. Nf5 Re2 0-1